| 000 | 00520nam a22001817a 4500 | ||
|---|---|---|---|
| 003 | CEME | ||
| 005 | 20210628203816.0 | ||
| 008 | 210126b xxu||||| |||| 00| 0 eng d | ||
| 020 | _a81-203-2454-4 | ||
| 040 | _c. | ||
| 082 | _a621.381548 ANA | ||
| 100 |
_aAnand, M.M.S _967388 |
||
| 245 | _aElectronic instruments and instrumentation technology | ||
| 260 |
_aNEW DELHI _bPRENTICE HALL OF INDIA _c2004 |
||
| 300 | _aXVI,728P | ||
| 650 |
_aELECTRONIC INSTRUMENTS. INSTRUMENTATION TECHNOLOGY _967389 |
||
| 942 |
_cBK _2ddc |
||
| 999 |
_c575183 _d575183 |
||